| 000 | 00334nam a2200133Ia 4500 | ||
|---|---|---|---|
| 008 | 150301s2013 xx 000 0 und d | ||
| 082 |
_a617.692 _bP13R |
||
| 100 | _aRANGARAJAN, V | ||
| 245 | _aTB OF PROSTHODONTICS | ||
| 260 |
_bELSEVIER PUBLICATION _aDELHI _c2013 |
||
| 300 | _a1-856 | ||
| 650 | _aPROSTHODONTICS | ||
| 942 |
_2ddc _cBK _060 |
||
| 999 |
_c6926 _d6926 |
||